| 000 | 00782nam a22002057a 4500 | ||
|---|---|---|---|
| 999 |
_c17019 _d17019 |
||
| 003 | AR-CdUCM | ||
| 008 | 190507b ||||| |||| 00| 0 spa d | ||
| 040 |
_aMUNICIPALIDAD PROVINCIAL DEL CUSCO _cBIBLIOTECA MUNICIPAL DEL CUSCO |
||
| 082 |
_a338.8 / _bP26 |
||
| 100 |
_aParado Zevallos, Carlos _936829 |
||
| 245 | _aEmpresas transnacionales, estado y burguesía nativa / | ||
| 260 |
_aLima : _bDesco, _c1983. |
||
| 300 |
_a123 páginas ; _c17 cm. |
||
| 505 | _aBreve recuerdo histórico de la economía peruana y de las formas de inversión extranjera -- Análisis sectorial de las nuevas formas de inversión extranjera ... | ||
| 650 |
_aInversión extranjera. _915416 |
||
| 650 |
_aEmpresas. _95583 |
||
| 650 |
_aTransnacionales. _912000 |
||
| 942 |
_2ddc _cLIBROS |
||
| 945 | _awfj | ||